Central Library OPAC University of Rajshahi

গ্রীম সংকলিত জার্মান রূপকথা / (Record no. 49605)

MARC details
000 -LEADER
fixed length control field 01162nam a2200241 a 4500
001 - CONTROL NUMBER
control field 49605
003 - CONTROL NUMBER IDENTIFIER
rucl marc code BD-RjUL
005 - DATE AND TIME OF LATEST TRANSACTION
control field 20211209054712.0
008 - FIXED-LENGTH DATA ELEMENTS--GENERAL INFORMATION
fixed length control field 160821s1963 bg ||||| |||| 00| 0 ben d
035 ## - SYSTEM CONTROL NUMBER
System control number (BD-RjUL)49724
040 ## - CATALOGING SOURCE
Original cataloging agency BD-RjUL
Language of cataloging ben
Transcribing agency BD-RjUL
Modifying agency BD-RjUL
041 ## - LANGUAGE CODE
Language code of text/sound track or separate title ben
082 ## - DEWEY DECIMAL CLASSIFICATION NUMBER
Edition number 23
Classification number 833
Author mark and year GRE 1963
245 01 - TITLE STATEMENT
Title গ্রীম সংকলিত জার্মান রূপকথা /
Statement of responsibility, etc. অনুবাদক সিরাজুদ্দীন হোসেন
260 ## - PUBLICATION, DISTRIBUTION, ETC. (IMPRINT)
Place of publication, distribution, etc. ঢাকা :
Name of publisher, distributor, etc. রূপকল্প,
Date of publication, distribution, etc. ১৯৬৩.
300 ## - PHYSICAL DESCRIPTION
Pagination ২১৬ পৃ. :
Illustrations চিত্র ;
Size ২৩ সেমি.
490 ## - SERIES STATEMENT
Series statement জার্মান সাংস্কৃতিক প্রতিষ্ঠানের প্রকাশনা
Volume/sequential designation নম্বর ১
650 ## - SUBJECT ADDED ENTRY--TOPICAL TERM
Topical term or geographic name as entry element জার্মান উপন্যাস
9 (RLIN) 148765
Topical term or geographic name as entry element German Fiction
9 (RLIN) 148766
700 ## - ADDED ENTRY--PERSONAL NAME
Personal name হোসেন, সিরাজুদ্দীন অনুবাদক
830 ## - SERIES ADDED ENTRY--UNIFORM TITLE
Uniform title জার্মান সাংস্কৃতিক প্রতিষ্ঠানের প্রকাশনা
Volume number/sequential designation নম্বর ১
942 ## - ADDED ENTRY ELEMENTS (KOHA)
Source of classification or shelving scheme Dewey Decimal Classification
Koha item type Books
Holdings
Lost status Source of classification or shelving scheme Damaged status Not for loan Collection code Permanent Location Current Location Shelving location Date acquired Source of acquisition Cost, normal purchase price Total Checkouts Full call number Date last seen Copy number Koha item type
  Dewey Decimal Classification     Fiction Central Library, University of Rajshahi Central Library, University of Rajshahi   03/02/1967 Purched 8.00   B 833 GRE 1963 21/08/2016 C-2 Books
  Dewey Decimal Classification     Fiction Central Library, University of Rajshahi Central Library, University of Rajshahi   03/02/1967   8.00   B 833 GRE 1963 27/11/2016 C-3 Books